00725nam a22002417a 450000500170000001000130001702000220003003500430005203700160009508200110011110000170012224500860013926000380022527000610026330000210032450000220034565000140036765000150038165000170039665000350041370000160044870000190046420190125141035.0 aB-229047 a8124304998c55.00 aB-229047 ,B-229054 B-229076, B-229072 bCen Lib/Ret a615.53 aGala, Dhiren aHomoeopathy for common diseases /cby Dhiren Gala, D. R. Gala [and] Vijay Goswami aGujratbNaveet Publicationsc200? aNavneet House, Gurukul Road, mamnagarbAhmadabade380052 a188p.c22cm(pbk) aIncludes appendix aMedicines aHomeopathy aदवाई aहोम्योपैथी aGala, R. D. aGoswami, Vijay